| 000 | 00521nam a2200193Ia 4500 | ||
|---|---|---|---|
| 003 | GCL | ||
| 008 | 140319s9999 xx 000 0 ara d | ||
| 040 |
_aGCL / _cGCL |
||
| 082 | 0 | 4 |
_a811.9 _bو ر |
| 100 | 1 | _aحسن بيومى | |
| 245 | 1 | 0 |
_aالرجيل وراء جنبات الماء / _cحسن بيومى |
| 300 | _a111 ص | ||
| 490 | _a | ||
| 650 | 0 | 4 | _aالشعر العربى |
| 650 | 0 | 4 | _aالادب العربى |
| 650 | 0 | 4 | _aالعصر الحديث |
| 650 | 0 | 4 | _aالعصر الحجرى |
| 942 |
_2ddc _cBK |
||
| 999 |
_c40542 _d40542 |
||